| 000 | 01034cam a22002535a 4500 | ||
|---|---|---|---|
| 005 | 20071219163730.0 | ||
| 008 | 990701s1999 txu 001 0 eng | ||
| 010 | _aENG-92101 | ||
| 020 |
_a0230633609 _c750.00 |
||
| 020 |
_a9780230633605 _c750.00 |
||
| 035 | _aEN-75634 | ||
| 037 | _bDBAD / PUB | ||
| 040 |
_adpl _bEnglish |
||
| 082 | _a303.482 | ||
| 245 |
_aIntercultural communication competence: _cedited by Thomas Schmalzer...[et al] _bimplications for learning and teaching in a globalized world / |
||
| 260 |
_aNew Delhi _bMacmillan India _c2007 |
||
| 300 |
_axliii, 243p. _c25 cm(Hb) |
||
| 490 | _aInternational learning | ||
| 650 |
_aInternational communication _xCross-cultural studies |
||
| 650 |
_aCommunicative competence _xCross-cultural studies |
||
| 700 | _aSchmalzer, Thomas | ||
| 942 |
_2ddc _cEN _mLEA _h303.482 |
||
| 999 |
_c19643 _d19643 |
||